Apprendre anglais jours/mois - Statistiques

Statistiques générales
  • Ce quiz a été pris 174 fois
  • Le résultat moyen est 17 sur 19
Statistiques - réponses
Français Anglais / English % Correct
Lundi Monday
99%
Mardi Tuesday
94%
Avril April
93%
Vendredi Friday
93%
Décembre December
92%
Janvier January
92%
Juin June
92%
Mars March
92%
Novembre November
92%
Octobre October
92%
Septembre September
92%
Dimanche Sunday
92%
Août August
91%
Juillet July
91%
Mai May
91%
Samedi Saturday
91%
Février February
88%
Mercredi Wednesday
86%
Jeudi Thursday
83%
Aucun quiz correspondant
Distribution des résultats
% des personnes avec chaque résultat
Percentile par nombre de réponses
Votre historique - résultats
Vous n’avez pas pris ce quiz